000 00641nmm a2200193Ia 4500
008 251105s9999||||xx |||||||||||||||||und||
020 _a9789562849241
041 _aspa
100 _aSoto, Ángel
245 0 _aLas relaciones chileno-brasileñas :
_b De la amistad sin límites al pragmatismo del gigante (1945-1964)
264 _a[Santiago de Chile, Chile] :
_bRil editores,
_c2012
300 _a206 páginas
650 _aHistory of the Americas: Latin America
700 _aSoto, Ángel
700 1 _a Núñez, Rogelio
700 1 _a Garay, Cristián
856 _uhttps://public.digitaliapublishing.com/a/25582
942 _cCF
999 _c71636
_d71636